[Event "ITA-ch Seniors 35th"]
[Site "Arco"]
[Date "2013.04.19"]
[Round "8"]
[White "Bisignano, Giuseppe"]
[Black "Antonelli, Fabrizio"]
[Result "0-1"]
[WhiteElo "1884"]
[BlackElo "2015"]
[PlyCount "148"]
[EventDate "2013.04.12"]
[EventType "swiss"]
[EventRounds "9"]
[EventCountry "ITA"]
[SourceTitle "CBM 154 Extra"]
[Source "ChessBase"]
[SourceDate "2013.06.25"]
[SourceVersion "2"]
[SourceVersionDate "2013.06.25"]
[SourceQuality "1"]

1. e4 e5 2. Nf3 Nc6 3. Bb5 a6 4. Ba4 Nf6 5. d4 exd4 6. 0-0 Be7 7. e5 Ne4 8. Nxd4 Nc5 9. Bxc6 dxc6 10. Nc3 0-0 11. f4 Ne6 12. Nxe6 Qxd1 13. Rxd1 Bxe6 14. Be3 Bf5 15. Rac1 Rad8 16. Rxd8 Rxd8 17. Ne2 g6 18. Kf2 c5 19. h3 h5 20. c4 b6 21. b3 Rd3 22. Kf3 f6 23. Rg1 fxe5 24. fxe5 Bg5 25. Nf4 Bxf4 26. Kxf4 Kf7 27. g4 hxg4 28. hxg4 Be6 29. Rf1 Ke7 30. Ke4 Rd7 31. Bg5+ Ke8 32. Rf6 Bxg4 33. Rxg6 Rd4+ 34. Ke3 Bf5 35. Rf6 Bb1 36. e6 Rd6 37. Rh6 Kf8 38. e7+ Kf7 39. Rh8 Re6+ 40. Kf4 Bg6 41. Rf8+ Kg7 42. Rc8 Kf7 43. Rxc7 Ke8 44. Rc8+ Kd7 45. Rd8+ Kc7 46. Rg8 Kd7 47. Rd8+ Kc7 48. Rf8 Kd7 49. Bf6 Be8 50. Kf5 Re2 51. a3 Re3 52. b4 Rxa3 53. bxc5 bxc5 54. Ke4 Rh3 55. Rg8 a5 56. Rg2 a4 57. Kd5 Rh5+ 58. Bg5 a3 59. Ke4 Rxg5 60. Rxg5 a2 61. Rg1 Bg6+ 62. Ke5 Bb1 63. e8Q+ Kxe8 64. Ke6 Kf8 65. Rf1+ Kg8 66. Rg1+ Kh7 67. Rh1+ Kg6 68. Rg1+ Kh5 69. Rd1 a1Q 70. Rd5+ Kg4 71. Rxc5 Bf5+ 72. Kd6 Qa3 73. Kc6 Bd7+ 74. Kd6 Kf4 0-1

[Event "ITA-ch Seniors 35th"]
[Site "Arco"]
[Date "2013.04.18"]
[Round "7"]
[White "Antonelli, Fabrizio"]
[Black "Blasco, Domenico"]
[Result "1-0"]
[WhiteElo "2015"]
[BlackElo "1933"]
[PlyCount "96"]
[EventDate "2013.04.12"]
[EventType "swiss"]
[EventRounds "9"]
[EventCountry "ITA"]
[SourceTitle "CBM 154 Extra"]
[Source "ChessBase"]
[SourceDate "2013.06.25"]
[SourceVersion "2"]
[SourceVersionDate "2013.06.25"]
[SourceQuality "1"]

1. e4 g6 2. d4 Bg7 3. c4 d6 4. Nc3 a6 5. Be2 c6 6. Nf3 b5 7. 0-0 bxc4 8. Bxc4 Nf6 9. Bb3 0-0 10. Bg5 h6 11. Be3 Qa5 12. h3 Qh5 13. Nh2 Bb7 14. Qd2 Kh7 15. f4 Qa5 16. Ng4 Nbd7 17. Rae1 Rad8 18. Qf2 h5 19. Nh2 e6 20. Nf3 c5 21. Qh4 cxd4 22. Bxd4 e5 23. Be3 Kg8 24. f5 gxf5 25. exf5 Nc5 26. Bc2 Rfe8 27. Bg5 Ncd7 28. Kh1 Qb6 29. Bb3 Qc5 30. Be3 Qc6 31. Qg3 d5 32. Bh6 Ng4 33. Bxg7 Kxg7 34. hxg4 hxg4 35. Qxg4+ Kf8 36. Bxd5 Qh6+ 37. Qh4 Qxh4+ 38. Nxh4 Bxd5 39. Nxd5 Nc5 40. Rd1 Ne4 41. Kg1 Kg7 42. Rfe1 Ng5 43. f6+ Kh6 44. Nf5+ Kg6 45. Nfe7+ Kh5 46. Rxe5 Kg4 47. Rd4+ Kh5 48. Rf4 Kh6 1-0

[Event "Arco op 34th"]
[Site "Arco"]
[Date "2012.10.13"]
[Round "1"]
[White "Antonelli, Fabrizio"]
[Black "Galas, Franco"]
[Result "1-0"]
[WhiteElo "2011"]
[BlackElo "1735"]
[PlyCount "55"]
[EventDate "2012.10.13"]
[EventType "swiss"]
[EventRounds "9"]
[EventCountry "ITA"]
[SourceTitle "EXT 2013"]
[Source "ChessBase"]
[SourceDate "2012.11.22"]
[SourceVersion "1"]
[SourceVersionDate "2012.11.22"]
[SourceQuality "1"]

1. e4 Nc6 2. c4 e5 3. Nc3 Bc5 4. Nf3 Nf6 5. Be2 a6 6. 0-0 Nd4 7. Nxe5 Nxe2+ 8. Qxe2 d6 9. Nf3 Bg4 10. d3 Qd7 11. Be3 Bxe3 12. Qxe3 0-0 13. h3 Bxf3 14. Qxf3 h6 15. Nd5 Nxd5 16. cxd5 f5 17. Qe3 Rae8 18. Rac1 b6 19. Rc6 Qf7 20. Rfc1 Re7 21. Qd4 f4 22. f3 g5 23. Qc3 Rc8 24. Rxd6 h5 25. Rf6 Qh7 26. Qc6 Kg7 27. Re6 Rce8 28. Qxe8 1-0

[Event "ITA-ch Seniors 34th"]
[Site "Arvier"]
[Date "2012.04.17"]
[Round "4"]
[White "Pipitone, Antonio"]
[Black "Antonelli, Fabrizio"]
[Result "1/2-1/2"]
[WhiteElo "1941"]
[BlackElo "2023"]
[PlyCount "92"]
[EventDate "2012.04.14"]
[EventType "swiss"]
[EventRounds "9"]
[EventCountry "ITA"]
[SourceTitle "CBM 148 Extra"]
[Source "ChessBase"]
[SourceDate "2012.06.22"]
[SourceVersion "1"]
[SourceVersionDate "2012.06.22"]
[SourceQuality "1"]

1. e4 e5 2. Nf3 Nc6 3. Bb5 a6 4. Ba4 Nf6 5. 0-0 Be7 6. Re1 b5 7. Bb3 0-0 8. c3 d6 9. h3 Nb8 10. d4 Nbd7 11. Nbd2 Bb7 12. Bc2 c5 13. Nf1 cxd4 14. cxd4 Rc8 15. Ng3 Re8 16. Be3 Bf8 17. Rc1 g6 18. Nh2 Bg7 19. Ng4 Nxg4 20. hxg4 Rc4 21. d5 h6 22. f3 Qa5 23. a3 Rec8 24. Kf2 Qc7 25. Bb1 Rxc1 26. Bxc1 a5 27. Rh1 b4 28. Ne2 Ba6 29. Be3 Bxe2 30. Qxe2 g5 31. axb4 axb4 32. Rc1 Nc5 33. Qc4 Qb6 34. Ke2 Bf8 35. b3 Ra8 36. Bd2 Rb8 37. Be3 Qa5 38. Bxc5 Qxc5 39. Qxc5 dxc5 40. Kd3 Bd6 41. Kc4 Kg7 42. Bd3 Rb6 43. Ra1 Kg6 44. Ra5 Kf6 45. Be2 Rb7 46. Ra6 Ke7 1/2-1/2

[Event "ITA-ch Seniors 34th"]
[Site "Arvier"]
[Date "2012.04.15"]
[Round "2"]
[White "Antonelli, Fabrizio"]
[Black "Bisignano, Giuseppe"]
[Result "1-0"]
[WhiteElo "2023"]
[BlackElo "1850"]
[PlyCount "145"]
[EventDate "2012.04.14"]
[EventType "swiss"]
[EventRounds "9"]
[EventCountry "ITA"]
[SourceTitle "CBM 148 Extra"]
[Source "ChessBase"]
[SourceDate "2012.06.22"]
[SourceVersion "1"]
[SourceVersionDate "2012.06.22"]
[SourceQuality "1"]

1. e4 e5 2. Nf3 Nc6 3. Bb5 a6 4. Ba4 Nf6 5. 0-0 Be7 6. Qe2 b5 7. Bb3 0-0 8. a4 b4 9. a5 Bb7 10. d3 Re8 11. Bg5 d6 12. Nbd2 Ng4 13. Bxe7 Qxe7 14. h3 Nh6 15. Nc4 g6 16. Ne3 Nd8 17. Qd2 Rb8 18. Qxb4 Ne6 19. Qd2 Kg7 20. Kh2 Nf4 21. g3 Ne6 22. Rae1 Qf6 23. Ng1 Nd4 24. Bc4 c6 25. f4 Bc8 26. fxe5 Qxe5 27. c3 Ne6 28. d4 Qh5 29. Qe2 Qxa5 30. b4 Qb6 31. Qf3 Qd8 32. e5 Ng5 33. Qf4 d5 34. Bd3 a5 35. bxa5 Rb2+ 36. Re2 Rxe2+ 37. Bxe2 Ne4 38. c4 Qxa5 39. cxd5 cxd5 40. Ng4 Bxg4 41. hxg4 Qc3 42. g5 Nf5 43. Rf3 Qd2 44. Qxd2 Nxd2 45. Rd3 Nc4 46. Bg4 Nce3 47. Bxf5 Nxf5 48. Nf3 h6 49. g4 Ne7 50. gxh6+ Kxh6 51. Kg3 Rc8 52. Rb3 Rc7 53. Rb6 Rc6 54. Rb7 Re6 55. Rd7 g5 56. Kf2 Kg6 57. Rd6 Kg7 58. Rxe6 fxe6 59. Nxg5 Nc6 60. Nxe6+ Kf7 61. Ng5+ Kg6 62. Nf3 Kh6 63. Ke3 Kg6 64. Kf4 Nd8 65. Nh4+ Kf7 66. Kf5 Ne6 67. Nf3 Ng7+ 68. Kg5 Ne6+ 69. Kh6 Nf4 70. Kh7 Ne6 71. g5 Kf8 72. g6 Ng7 73. Ng5 1-0

[Event "EU-ch Seniors 11th"]
[Site "Courmayeur"]
[Date "2011.04.13"]
[Round "8"]
[White "Jackson, Oliver A"]
[Black "Antonelli, Fabrizio"]
[Result "1-0"]
[WhiteElo "2186"]
[BlackElo "2100"]
[PlyCount "69"]
[EventDate "2011.04.06"]
[EventType "swiss"]
[EventRounds "9"]
[EventCountry "ITA"]
[SourceTitle "CBM 141 Extra"]
[Source "ChessBase"]
[SourceDate "2011.05.03"]
[SourceVersion "1"]
[SourceVersionDate "2011.05.03"]
[SourceQuality "1"]

1. e4 e5 2. f4 exf4 3. Nf3 d5 4. exd5 Nf6 5. Bc4 Bd6 6. 0-0 0-0 7. d4 Nbd7 8. Bb3 b5 9. a4 b4 10. c4 bxc3 11. bxc3 Bb7 12. c4 c5 13. dxc6 Bxc6 14. c5 Bxf3 15. Qxf3 Bc7 16. Bxf4 Nxc5 17. dxc5 Qd4+ 18. Qf2 Qxa1 19. Bxc7 Rfe8 20. h3 Re7 21. Bd6 Rd7 22. Re1 Re8 23. Rf1 Rb7 24. Nd2 Qc3 25. Qf3 Qd4+ 26. Kh2 Rb4 27. Bf4 Qxc5 28. g4 h6 29. Bxh6 gxh6 30. Bxf7+ Kf8 31. Bxe8 Qd6+ 32. Kh1 Kxe8 33. Qxf6 Qxd2 34. Qe6+ Kd8 35. Rf8+ 1-0

[Event "EU-ch Seniors 11th"]
[Site "Courmayeur"]
[Date "2011.04.11"]
[Round "6"]
[White "Sinelnikov, Igor"]
[Black "Antonelli, Fabrizio"]
[Result "1-0"]
[WhiteElo "2190"]
[BlackElo "2100"]
[PlyCount "67"]
[EventDate "2011.04.06"]
[EventType "swiss"]
[EventRounds "9"]
[EventCountry "ITA"]
[SourceTitle "CBM 141 Extra"]
[Source "ChessBase"]
[SourceDate "2011.05.03"]
[SourceVersion "1"]
[SourceVersionDate "2011.05.03"]
[SourceQuality "1"]

1. e4 c5 2. g3 Nc6 3. Bg2 g6 4. Ne2 Bg7 5. 0-0 Nf6 6. c3 0-0 7. d4 d6 8. Nd2 Rb8 9. Nc4 e5 10. d5 Ne7 11. a4 Ng4 12. f4 f5 13. h3 Nf6 14. fxe5 dxe5 15. d6 Nc6 16. exf5 Bxf5 17. Bxc6 bxc6 18. Nxe5 Qc8 19. g4 Be6 20. Nf4 Nd7 21. Nxd7 Qxd7 22. Be3 Rxb2 23. Bxc5 Bxc3 24. Nxe6 Rxf1+ 25. Qxf1 Qxe6 26. d7 Rb8 27. Rd1 Rd8 28. Qd3 Ba5 29. Bxa7 Bc7 30. Bf2 g5 31. Qe3 Qxe3 32. Bxe3 h6 33. h4 Bf4 34. Bb6 1-0

[Event "ITA-ch Seniors 32nd"]
[Site "Arvier"]
[Date "2010.04.27"]
[Round "9"]
[White "Antonelli, Fabrizio"]
[Black "Laco, Giuseppe"]
[Result "1/2-1/2"]
[WhiteElo "2030"]
[BlackElo "2105"]
[PlyCount "82"]
[EventDate "2010.04.18"]
[EventType "swiss"]
[EventRounds "9"]
[EventCountry "ITA"]
[SourceTitle "EXT 2024"]
[Source "ChessBase"]
[SourceDate "2023.10.10"]
[SourceVersion "1"]
[SourceVersionDate "2023.10.10"]
[SourceQuality "1"]

1. e4 c5 2. Nf3 e6 3. d4 cxd4 4. Nxd4 a6 5. Bd3 b5 6. 0-0 Bb7 7. Be3 Qc7 8. Qe2 Nf6 9. Nd2 Nc6 10. Nxc6 Qxc6 11. Rac1 h5 12. f3 Bd6 13. Rfe1 Bc7 14. c4 b4 15. c5 d5 16. exd5 Nxd5 17. Be4 0-0 18. Nb3 f5 19. Nd4 Qe8 20. c6 Bc8 21. Bxd5 exd5 22. Bf2 Qg6 23. Qd2 f4 24. Nb3 Rd8 25. Bd4 Bd6 26. Be5 Bf8 27. Bxf4 d4 28. Nxd4 Bh3 29. Be3 Rd5 30. Qf2 Re8 31. Nb3 h4 32. Kh1 Bc8 33. Qxh4 Rh5 34. Qc4+ Be6 35. Qf4 Bxb3 36. axb3 Bd6 37. Qc4+ Kf8 38. Bf4 Rxh2+ 39. Kxh2 Qh6+ 40. Kg3 Qg5+ 41. Kf2 Qh4+ 1/2-1/2

[Event "ITA-ch Seniors 31st"]
[Site "Arvier"]
[Date "2009.05.02"]
[Round "9"]
[White "Barlocco, Carlo"]
[Black "Antonelli, Fabrizio"]
[Result "1/2-1/2"]
[WhiteElo "2131"]
[BlackElo "2024"]
[PlyCount "21"]
[EventDate "2009.04.24"]
[EventType "swiss"]
[EventRounds "9"]
[EventCountry "ITA"]
[SourceTitle "EXT 2011"]
[Source "ChessBase"]
[SourceDate "2010.11.26"]
[SourceVersion "1"]
[SourceVersionDate "2010.11.26"]
[SourceQuality "1"]

1. d4 Nf6 2. c4 g6 3. Nc3 Bg7 4. e4 d6 5. Nf3 0-0 6. Be2 e5 7. 0-0 Nbd7 8. d5 Nc5 9. Nd2 a5 10. b3 Ne8 11. a3 1/2-1/2

[Event "ITA-ch Seniors 31st"]
[Site "Arvier"]
[Date "2009.05.01"]
[Round "8"]
[White "Antonelli, Fabrizio"]
[Black "Rotelli, Pietro"]
[Result "1-0"]
[WhiteElo "2024"]
[BlackElo "1970"]
[PlyCount "105"]
[EventDate "2009.04.24"]
[EventType "swiss"]
[EventRounds "9"]
[EventCountry "ITA"]
[SourceTitle "EXT 2011"]
[Source "ChessBase"]
[SourceDate "2010.11.26"]
[SourceVersion "1"]
[SourceVersionDate "2010.11.26"]
[SourceQuality "1"]

1. e4 c6 2. d4 d5 3. f3 dxe4 4. fxe4 e5 5. Nf3 exd4 6. Bc4 Be6 7. Bxe6 fxe6 8. Qxd4 Nd7 9. Nc3 Qb6 10. Qxb6 axb6 11. Ng5 e5 12. 0-0 Ngf6 13. Ne6 Ke7 14. Nxf8 Rhxf8 15. b4 b5 16. h3 Ra6 17. Be3 Rfa8 18. Rad1 h6 19. Rd3 Ra4 20. Rb1 Ra3 21. Rbd1 R8a6 22. Bc1 Rxc3 23. Rxc3 Rxa2 24. Re1 Nb6 25. Ra3 Rxa3 26. Bxa3 Nc4 27. Bc1 Nd6 28. Kf2 Ke6 29. Kf3 Nc4 30. g4 b6 31. g5 hxg5 32. Bxg5 c5 33. c3 Nd6 34. Bc1 Nf7 35. h4 Nd8 36. Ba3 c4 37. Bc1 Nf7 38. Be3 Nd7 39. Rg1 Kf6 40. Ra1 Nd6 41. Ra6 Nc8 42. Kg4 Ke7 43. h5 Nf6+ 44. Kf5 Nxh5 45. Kxe5 Nf6 46. Bg5 Kf7 47. Bxf6 gxf6+ 48. Kd5 Ke7 49. Ra8 Kd7 50. Rxc8 Kxc8 51. Ke6 Kd8 52. Kxf6 Kd7 53. e5 1-0

[Event "ITA-ch Seniors 31st"]
[Site "Arvier"]
[Date "2009.04.29"]
[Round "6"]
[White "Antonelli, Fabrizio"]
[Black "Rossi, Giampiero"]
[Result "1/2-1/2"]
[WhiteElo "2024"]
[BlackElo "1915"]
[PlyCount "101"]
[EventDate "2009.04.24"]
[EventType "swiss"]
[EventRounds "9"]
[EventCountry "ITA"]
[SourceTitle "EXT 2011"]
[Source "ChessBase"]
[SourceDate "2010.11.26"]
[SourceVersion "1"]
[SourceVersionDate "2010.11.26"]
[SourceQuality "1"]

1. e4 c5 2. Nf3 e6 3. d4 cxd4 4. Nxd4 a6 5. Be3 Nf6 6. Bd3 Nc6 7. Nd2 Qc7 8. Qe2 Be7 9. f4 Nxd4 10. Bxd4 Qxf4 11. 0-0-0 d6 12. Rdf1 Qh6 13. e5 dxe5 14. Bxe5 Bd7 15. g4 Bc6 16. Rhg1 Nd7 17. Bc3 Nc5 18. Qe5 Nxd3+ 19. cxd3 Qg6 20. Qxg7 Rg8 21. Qxg6 Rxg6 22. Nc4 f6 23. h4 h5 24. gxh5 Rxg1 25. Rxg1 Kf7 26. Rf1 Rh8 27. Ne5+ Ke8 28. Ng6 Rxh5 29. Nxe7 Kxe7 30. Bxf6+ Kd6 31. Bg5 Bd5 32. a3 Rh7 33. Kd2 e5 34. Rf6+ Be6 35. Ke3 Rf7 36. Ke4 Rxf6 37. Bxf6 Bd5+ 38. Ke3 Ke6 39. Bd8 Kf5 40. Bc7 Bf7 41. Kd2 Bh5 42. Kc3 Be2 43. b3 Bf3 44. b4 Be2 45. Kd2 Bh5 46. Ke3 Bd1 47. d4 exd4+ 48. Kxd4 Kg4 49. Bd8 Bc2 50. Ke5 Kh5 51. Bg5 1/2-1/2

[Event "ITA-ch Seniors 31st"]
[Site "Arvier"]
[Date "2009.04.27"]
[Round "5"]
[White "De Polzer, Manfredi"]
[Black "Antonelli, Fabrizio"]
[Result "0-1"]
[WhiteElo "1813"]
[BlackElo "2024"]
[PlyCount "158"]
[EventDate "2009.04.24"]
[EventType "swiss"]
[EventRounds "9"]
[EventCountry "ITA"]
[SourceTitle "EXT 2011"]
[Source "ChessBase"]
[SourceDate "2010.11.26"]
[SourceVersion "1"]
[SourceVersionDate "2010.11.26"]
[SourceQuality "1"]

1. e4 e5 2. Nf3 Nc6 3. d4 exd4 4. c3 d3 5. Bxd3 Nf6 6. 0-0 d6 7. Bg5 Be7 8. Re1 Bg4 9. Nbd2 0-0 10. Qc2 Ne5 11. Nxe5 dxe5 12. b4 Nd7 13. Be3 Bg5 14. Nf1 Qf6 15. Be2 Be6 16. Rad1 Rad8 17. c4 a6 18. Rd2 Nb8 19. b5 Qg6 20. Red1 Rxd2 21. Qxd2 Be7 22. Ng3 Bg4 23. f3 Be6 24. a4 h6 25. Ba7 Nd7 26. Be3 Nc5 27. Qc2 axb5 28. axb5 b6 29. Nf1 f5 30. exf5 Bxf5 31. Qc3 Bd6 32. Ng3 Be6 33. Kh1 Kh8 34. Bxc5 Bxc5 35. Bd3 Qf7 36. Ne4 Bd4 37. Qb4 Rd8 38. Qa4 Qe7 39. Qc2 Ra8 40. Rc1 Qa3 41. h3 Qa2 42. Be2 Qxc2 43. Rxc2 Ra1+ 44. Kh2 Rb1 45. g4 Rb2 46. Rxb2 Bxb2 47. Kg3 Bd4 48. Bd3 Be3 49. Kg2 Kg8 50. Kg3 Kf8 51. Kg2 Ke7 52. Kf1 Kd7 53. Ke2 Bd4 54. Kd2 c6 55. bxc6+ Kxc6 56. Kc2 Bc8 57. Kb3 Be6 58. Ka4 Bc5 59. Kb3 b5 60. Kc3 b4+ 61. Kb3 Be7 62. Bc2 Kb6 63. Bd3 Ka5 64. Bc2 Bd7 65. Bd3 Ba4+ 66. Kb2 Bd1 67. Nd2 Ka4 68. Bc2+ Bxc2 69. Kxc2 Bg5 70. Nb3 Be7 71. Kb2 Bf8 72. Nd2 Bc5 73. Ne4 Bd4+ 74. Kb1 b3 75. Nd2 Kb4 76. Ne4 Kxc4 77. Nd6+ Kd3 78. Nf5 e4 79. fxe4 Kxe4 0-1

[Event "Porto San Giorgio op 20th"]
[Site "Porto San Giorgio"]
[Date "2008.08.21"]
[Round "1"]
[White "Kizov, Atanas"]
[Black "Antonelli, Fabrizio"]
[Result "1-0"]
[WhiteElo "2426"]
[BlackElo "2035"]
[PlyCount "87"]
[EventDate "2008.08.21"]
[EventType "swiss"]
[EventRounds "9"]
[EventCountry "ITA"]
[SourceTitle "CBM 126 Extra"]
[Source "ChessBase"]
[SourceDate "2008.11.05"]
[SourceVersion "1"]
[SourceVersionDate "2008.11.05"]
[SourceQuality "1"]

1. d4 Nf6 2. c4 g6 3. Nc3 Bg7 4. e4 d6 5. h3 0-0 6. Bg5 h6 7. Be3 e5 8. d5 Kh7 9. Bd3 a5 10. g4 Na6 11. Nge2 Nc5 12. Bc2 Qe7 13. Ng3 c6 14. a3 Bd7 15. b4 axb4 16. axb4 Rxa1 17. Qxa1 Na6 18. Qa3 Nc7 19. Qa5 cxd5 20. cxd5 Rc8 21. Bd3 Nce8 22. Kd2 Ng8 23. Qa7 Rc7 24. Bb6 Qg5+ 25. Kc2 Rc8 26. Be3 Qd8 27. Kb3 f5 28. gxf5 gxf5 29. Nge2 Ra8 30. Qb6 Qc8 31. exf5 Ngf6 32. Rc1 Bxf5 33. Bxf5+ Qxf5 34. Qxb7 Rd8 35. b5 Rd7 36. Qc8 Qd3 37. b6 Re7 38. Rd1 Qg6 39. b7 Nd7 40. Ra1 Qf7 41. Ra7 Nc7 42. Qxc7 Nc5+ 43. Bxc5 Rxc7 44. b8Q 1-0

[Event "ITA-chT2"]
[Site "Arvier"]
[Date "2008.05.03"]
[Round "4"]
[White "Massironi, Marco"]
[Black "Antonelli, Fabrizio"]
[Result "1-0"]
[WhiteElo "2120"]
[BlackElo "2035"]
[PlyCount "63"]
[EventDate "2008.05.02"]
[EventType "team-tourn"]
[EventRounds "5"]
[EventCountry "ITA"]
[SourceTitle "CBM 124 Extra"]
[Source "ChessBase"]
[SourceDate "2008.07.03"]
[SourceVersion "1"]
[SourceVersionDate "2008.07.03"]
[SourceQuality "1"]

1. e4 e5 2. Nf3 Nc6 3. Bb5 a6 4. Ba4 Nf6 5. 0-0 Be7 6. Re1 b5 7. Bb3 d6 8. c3 Na5 9. Bc2 c5 10. h3 0-0 11. d4 Qc7 12. Nbd2 Bd7 13. Nf1 cxd4 14. cxd4 Rac8 15. Ne3 Rfe8 16. Bd2 Bf8 17. Rc1 Qb6 18. dxe5 dxe5 19. Bc3 Bc6 20. Nd5 Bxd5 21. exd5 Rcd8 22. Nxe5 Rxd5 23. Qf3 b4 24. Ng4 Rxe1+ 25. Rxe1 Nxg4 26. hxg4 Rd8 27. Be5 g6 28. Bf6 Rc8 29. Be4 Nc4 30. Bd5 Nd6 31. Be5 Qa7 32. Qf6 1-0

[Event "Porto San Giorgio op"]
[Site "Porto San Giorgio"]
[Date "2007.08.21"]
[Round "1"]
[White "Horvath, Peter"]
[Black "Antonelli, Fabrizio"]
[Result "1-0"]
[WhiteElo "2445"]
[BlackElo "2030"]
[PlyCount "93"]
[EventDate "2007.08.21"]
[EventType "swiss"]
[EventRounds "9"]
[EventCountry "ITA"]
[SourceTitle "CBM 120 Extra"]
[Source "ChessBase"]
[SourceDate "2007.11.01"]
[SourceVersion "1"]
[SourceVersionDate "2007.11.01"]
[SourceQuality "1"]

1. d4 Nf6 2. c4 g6 3. g3 Bg7 4. Bg2 0-0 5. Nc3 d6 6. Nf3 c5 7. d5 e5 8. 0-0 a6 9. a4 Nh5 10. e4 f5 11. exf5 Bxf5 12. Ng5 Nf6 13. Qb3 Qe7 14. Nce4 Nxe4 15. Nxe4 h6 16. a5 Nd7 17. Bd2 Rab8 18. Qd3 Nf6 19. Ra3 b5 20. axb6 Rxb6 21. Bc3 Kh7 22. Rfa1 Ra8 23. Qe3 Ng4 24. Qe2 Qf8 25. Nd2 h5 26. h3 Nh6 27. Ne4 Bxe4 28. Bxe4 Nf5 29. Qf3 Bh6 30. Kg2 Ra7 31. Ra4 Rf7 32. Qe2 Qc8 33. b4 cxb4 34. Rxb4 Rxb4 35. Bxb4 Bf8 36. Bd3 Kg8 37. Qe4 Qb7 38. Rb1 Qb6 39. Rb2 Qd4 40. Qxd4 exd4 41. Ba5 Kg7 42. Bb6 Kf6 43. Ra2 g5 44. Rxa6 Ke5 45. Ra2 Rb7 46. Rb2 Re7 47. Bd8 1-0